Behcetü’l-hadâik fî mev’izati’l-halâik / (Record no. 15638)

MARC details
000 -BAŞLIK
Sabit Uzunlukta Kontrol Alanı 00872nam a22002417a 4500
999 ## - SİSTEM KONTROL NUMARALARI (KOHA)
Koha Biblionumber 15638
Koha Biblioitemnumber 15638
003 - KONTROL NUMARASI IDENTIFIER
Denetim Alanı MIRAKIL
005 - SON İŞLEM TARİHİ VE ZAMANI
Denetim Alanı 20240313131706.0
008 - SABİT-BOY VERİ ELEMANLARI - GENEL BİLGİLER
Sabit Uzunlukta Kontrol Alanı 240313b tu ||||| |||| 00| 0 tur d
020 ## - ULUSLARARASI STANDART KİTAP NUMARASI
Uluslararası Standart Kitap Numarası 9789751634481
040 ## - KATALOGLAMA KAYNAK
Orijinal Kataloglama Ajansı TR-AnCHP
Metne Dönüştürmek Ajansı TR-AnCHP
041 ## - DİL KODU
Metin / Ses Parça Veya Ayrı Başlığın Dil Kodu tur
082 ## - DEWEY ONLU SINIFLANDIRMA NUMARASI
Sınıflandırma Numarası 819.1
Ürün Numarası B33 2018
245 10 - BAŞLIK TABLOSU
Başlık Behcetü’l-hadâik fî mev’izati’l-halâik /
Sorumluluk Tablosu, Vb hazırlayan: Mustafa Canpolat.
250 ## - EDITION TABLOSU
Baskı Beyanı Birinci Baskı: Ankara, 2018 Ağustos
260 ## - YAYIN, DAĞITIM, VB
Yayın, Dağıtım, Vb Yeri Ankara :
Yayıncı, Dağıtıcı, Vs Adı Türk Dil Kurumu,
Yayın, Dağıtım, Vb Tarihi 2018.
300 ## - FİZİKSEL TANIM
Kapsam 683 sayfa, numaralandırılmamış sayfalar ;
Boyutlar 24 cm
490 0# - SERİSİ TABLOSU
Seri Beyanı Türk Dil Kurumu yayınları ;
Hacim / Ardışık Tanımı 1279
500 ## - GENEL NOT
Genel Not Türkçe, Osmanlıca tıpkı basım.<br/>
504 ## - KAYNAKÇA VB NOT
Kaynakça Vb Notu Kaynakça (sayfa 29-31) ve dizin var.<br/>
650 #0 - KONU KATMA GİRİŞ - TOPİKAL DÖNEM
9 (RLIN) 7751
Topikal Süreli Veya Coğrafi Ad Giriş Elemanı Eski Türk dili
856 ## - ELEKTRONİK YER VE ERİŞİM
Kamu Notu Dijital Nüshası için Partimizin Kütüphane Sorumlusu ile iletişime geçiniz.
942 ## - EKLENDİ GİRİŞ ELEMANLARI (KOHA)
Sınıflandırma Veya Raf Düzeni Kaynak Dewey Decimal Classification
Koha Öğesi Türü Books
Holdings
Kalıcı Konum Mevcut Konum Edinme Tarihi Toplam Check-Out'Lar Tam Çağrı Numarası Barkod Tarih Son Görülme İtibaren Geçerli Fiyatlar Koha Öğesi Türü
CHP Kütüphanesi CHP Kütüphanesi 03/13/2024   819.1 B33 2018 21551 03/13/2024 03/13/2024 Books